[Event "Frauenbundesliga 2011-12"]
[Site "Germany GER"]
[Date "2012.01.22"]
[Round "7.3"]
[White "Frey,Al"]
[Black "Hoolt,S"]
[Result "0-1"]
[BlackTitle "WIM"]
[WhiteElo "2104"]
[BlackElo "2286"]
[WhiteTeam "TSV Schott Mainz"]
[BlackTeam "Hamburger SK 1830"]
[WhiteFideId "24634662"]
[BlackFideId "24606812"]
[EventDate "2011.10.29"]
[EventType "team"]

1. e4 e6 2. d4 d5 3. Nc3 Nf6 4. Bg5 Be7 5. e5 Nfd7 6. Bxe7 Qxe7 7. f4 a6 8. Nf3
c5 9. Bd3 Nc6 10. dxc5 Qxc5 11. Qd2 b5 12. O-O-O b4 13. Na4 Qa5 14. b3 Nc5 15.
Nxc5 Qxc5 16. Rhe1 a5 17. Qe3 Qxe3+ 18. Rxe3 Ke7 19. Bb5 Na7 20. Bf1 Bd7 21. Nd4
Rac8 22. Kb2 Rc5 23. Ra1 Nc6 24. Nxc6+ Bxc6 25. Bd3 h6 26. a3 bxa3+ 27. Rxa3 d4
28. Re2 f6 29. Be4 Bxe4 30. Rxe4 Rd8 31. Ra4 d3 32. cxd3 Rxd3 33. Rad4 Rd5 34.
Rxd3 Rxd3 35. Kc2 Rd5 36. Kc3 g5 37. g3 Kf7 38. Rd4 fxe5 39. fxe5 Rxe5 40. b4
axb4+ 41. Rxb4 Re2 42. h4 Re3+ 43. Kd2 Rxg3 44. hxg5 Rxg5 45. Ke3 Kf6 46. Kf3 h5
47. Ra4 Rb5 48. Kg3 Rg5+ 49. Kf3 Rg4 50. Ra5 e5 51. Ra6+ Kf5 52. Ra5 Rb4 53. Ra3
h4 54. Kg2 Rf4 55. Ra5 Rb4 56. Ra3 Rg4+ 57. Kf2 Rg3 58. Ra4 e4 59. Ra8 Rf3+ 60.
Ke2 Rb3 61. Rf8+ Kg4 62. Rg8+ Kf4 63. Rf8+ Kg3 64. Rg8+ Kh3 65. Re8 Rb4 66. Rg8
Kh2 67. Rg4 h3 68. Rg8 Kh1 69. Rg3 h2 70. Kf2 Rb2+ 71. Kf1 Rb1+ 72. Kf2 Rg1 73.
Re3 Rg2+ 74. Kf1 Rg4 75. Kf2 Rf4+ 76. Kg3 Rf1 77. Re2 Rf3+ 78. Kg4 Kg1 79. Rxe4
h1=Q 80. Re1+ Rf1 0-1

[Event "Frauenbundesliga 2011-12"]
[Site "Germany GER"]
[Date "2012.01.22"]
[Round "7.4"]
[White "Fuchs,Ju"]
[Black "Schlein,J"]
[Result "1-0"]
[WhiteTitle "WIM"]
[WhiteElo "2217"]
[BlackElo "2157"]
[WhiteTeam "Hamburger SK 1830"]
[BlackTeam "TSV Schott Mainz"]
[WhiteFideId "24605611"]
[BlackFideId "4657896"]
[EventDate "2011.10.29"]
[EventType "team"]

1. e4 g6 2. d4 Bg7 3. Nc3 d6 4. f4 Nd7 5. Nf3 e5 6. fxe5 dxe5 7. Bg5 f6 8. Bh4
Qe7 9. dxe5 Nxe5 10. Nxe5 Qxe5 11. Qd5 c6 12. Qxe5+ fxe5 13. Bc4 Nf6 14. O-O Rf8
15. Bg3 Ng4 16. Rxf8+ Bxf8 17. h3 Bc5+ 18. Kh1 Ne3 19. Bb3 Bd4 20. Re1 Ke7 21.
Bh4+ Kd6 22. Bg5 Nf5 23. exf5 gxf5 24. Nd1 f4 25. c3 Bb6 26. Bf6 1-0

[Event "Frauenbundesliga 2011-12"]
[Site "Germany GER"]
[Date "2012.01.22"]
[Round "7.5"]
[White "Voss,C"]
[Black "Ghader Pour,S"]
[Result "0-1"]
[BlackTitle "WIM"]
[WhiteElo "1898"]
[BlackElo "2252"]
[WhiteTeam "TSV Schott Mainz"]
[BlackTeam "Hamburger SK 1830"]
[WhiteFideId "4664906"]
[BlackFideId "12500747"]
[EventDate "2011.10.29"]
[EventType "team"]

1. d4 Nf6 2. c4 e6 3. Nf3 Bb4+ 4. Bd2 a5 5. g3 b6 6. Bg2 Bb7 7. O-O O-O 8. Bc3
d5 9. Nbd2 Nbd7 10. Qc2 Rc8 11. Rfd1 c5 12. e3 Bxc3 13. bxc3 dxc4 14. Ne5 Bxg2
15. Kxg2 cxd4 16. exd4 Qc7 17. Ndf3 Rfd8 18. Rab1 h6 19. Kg1 Nd5 20. h4 N7f6 21.
Nd2 Qb7 22. Qb2 b5 23. Rdc1 b4 24. Ndxc4 Qa6 25. cxb4 axb4 26. Ne3 Nc3 27. Rxc3
bxc3 28. Qb3 Rxd4 29. Kg2 Rd2 30. N5c4 Rxa2 31. Qxc3 Rxf2+ 32. Kxf2 Ne4+ 0-1

[Event "Frauenbundesliga 2011-12"]
[Site "Germany GER"]
[Date "2012.01.22"]
[Round "7.6"]
[White "Dolgova,O"]
[Black "Krasnopeyeva,J"]
[Result "1-0"]
[WhiteTitle "WIM"]
[WhiteElo "2206"]
[BlackElo "1963"]
[WhiteTeam "Hamburger SK 1830"]
[BlackTeam "TSV Schott Mainz"]
[WhiteFideId "4158296"]
[BlackFideId "24603910"]
[EventDate "2011.10.29"]
[EventType "team"]

1. d4 Nf6 2. c4 g6 3. Nc3 Bg7 4. e4 d6 5. Be2 O-O 6. Bg5 h6 7. Be3 Nbd7 8. Qd2
c5 9. d5 Kh7 10. Nf3 a6 11. a4 b6 12. O-O Rb8 13. h3 Qc7 14. Nh2 Ng8 15. f4 Ndf6
16. Qe1 e6 17. Qf2 Qe7 18. Bd3 exd5 19. exd5 Re8 20. Rae1 Qd8 21. f5 g5 22. Nf3
Kh8 23. Nxg5 hxg5 24. Bxg5 Rxe1 25. Qh4+ Bh6 26. Rxe1 Kg7 27. Bxh6+ Nxh6 28. g4
Bd7 29. g5 Nxf5 30. Bxf5 Bxf5 31. Qh6+ Kg8 32. gxf6 Qf8 33. Qg5+ Bg6 34. Qh4 Re8
35. Re7 Rxe7 36. fxe7 Qe8 37. Qf6 Qd7 38. Kh2 Kh7 39. Kg3 Kg8 40. Kh4 Bd3 41.
Qg5+ Kh7 42. Qh5+ Kg7 43. Qg4+ 1-0

[Event "Frauenbundesliga 2011-12"]
[Site "Germany GER"]
[Date "2012.01.22"]
[Round "7.1"]
[White "Houska,Jo"]
[Black "Seps,M"]
[Result "1-0"]
[WhiteTitle "IM"]
[BlackTitle "WIM"]
[WhiteElo "2427"]
[BlackElo "2198"]
[WhiteTeam "Karlsruher SF 1853"]
[BlackTeam "SV Stuttgart Wolfbusch"]
[WhiteFideId "405094"]
[BlackFideId "1308521"]
[EventDate "2011.10.29"]
[EventType "team"]

1. d4 Nf6 2. Nf3 c5 3. d5 e6 4. c4 exd5 5. cxd5 Bd6 6. Nc3 O-O 7. Bg5 Re8 8. e3
Bf8 9. Bd3 d6 10. h3 Nbd7 11. O-O a6 12. a4 b6 13. e4 Qc7 14. Nd2 Ne5 15. Be2
Nfd7 16. Bf4 Qd8 17. Bg3 g5 18. Qc2 Ng6 19. Nc4 Nde5 20. Bxe5 Nxe5 21. Nxe5 Rxe5
22. Nd1 Bg7 23. Ne3 Re8 24. Bg4 Bxg4 25. Nxg4 h5 26. Ne3 Qe7 27. Qd1 Qxe4 28.
Qxh5 Re5 29. Ra3 Qb4 30. Ng4 Rxd5 31. Rf3 Rf8 32. Ne3 Re5 33. Nf5 Rxf5 34. Rxf5 1-0

[Event "Frauenbundesliga 2011-12"]
[Site "Germany GER"]
[Date "2012.01.22"]
[Round "7.2"]
[White "Jussupow,E"]
[Black "Schmidt,Jessica"]
[Result "1/2-1/2"]
[WhiteTitle "WFM"]
[BlackTitle "WGM"]
[WhiteElo "2162"]
[BlackElo "2265"]
[WhiteTeam "SV Stuttgart Wolfbusch"]
[BlackTeam "Karlsruher SF 1853"]
[WhiteFideId "24625400"]
[BlackFideId "4636546"]
[EventDate "2011.10.29"]
[EventType "team"]

1. e4 e5 2. Nf3 Nc6 3. d4 exd4 4. Nxd4 Nxd4 5. Qxd4 Qf6 6. Be3 Qxd4 7. Bxd4 b6
8. Nc3 Bb7 9. Bc4 f6 10. O-O-O O-O-O 11. Rhe1 Ne7 12. f4 Nc6 13. Bf2 Bb4 14. Rd3
Na5 15. Bf7 Rhf8 16. Bh5 g6 17. Bg4 Ba6 18. Rh3 Rf7 19. Bh4 Re8 20. a3 Bd6 21.
Nd5 f5 22. exf5 Rxe1+ 23. Bxe1 gxf5 24. Bh5 Rg7 25. Rg3 Rxg3 26. Bxg3 Bb7 27.
Ne3 Be4 28. b4 Nc6 29. h3 Ne7 30. Bh2 Ng6 31. g3 c5 32. b5 Kd8 33. Be2 Ke7 34.
Kd2 Bb8 35. Bd3 Bxd3 1/2-1/2

[Event "Frauenbundesliga 2011-12"]
[Site "Germany GER"]
[Date "2012.01.22"]
[Round "7.4"]
[White "Stitterich,N"]
[Black "Heinatz,G"]
[Result "0-1"]
[BlackTitle "WIM"]
[WhiteElo "2008"]
[BlackElo "2218"]
[WhiteTeam "SV Stuttgart Wolfbusch"]
[BlackTeam "Karlsruher SF 1853"]
[WhiteFideId "24676527"]
[BlackFideId "4612434"]
[EventDate "2011.10.29"]
[EventType "team"]

1. e4 g6 2. d4 Bg7 3. Nc3 d6 4. f4 a6 5. Be3 b5 6. Nf3 Bb7 7. Bd3 Nd7 8. O-O c5
9. Qd2 c4 10. Be2 Ngf6 11. e5 Ng4 12. e6 Ndf6 13. Ng5 Qb6 14. Bxg4 Nxg4 15.
exf7+ Kd7 16. Kh1 Bf6 17. Bg1 d5 18. Nf3 Nh6 19. Ne5+ Kc7 20. g4 Qe6 21. g5 Bxe5
22. gxh6 Bd6 23. Rae1 Qxf7 24. Ne2 Rae8 25. Ng3 Bc8 26. Be3 Qf8 27. f5 gxf5 28.
Bf4 e6 29. Bxd6+ Qxd6 30. Qf4 Qxf4 31. Rxf4 Rhg8 32. Rh4 Kd6 33. Re5 Bd7 34. Kg2
b4 35. Kf3 Rg6 36. Ne2 Reg8 37. Rh3 Rg2 38. c3 a5 39. Re3 R2g4 40. Nf4 Rg1 41.
Kf2 R8g4 42. Rhg3 Rb1 43. Rxg4 Rxb2+ 44. Kg3 fxg4 45. cxb4 axb4 46. a3 Rb3 0-1

[Event "Frauenbundesliga 2011-12"]
[Site "Germany GER"]
[Date "2012.01.22"]
[Round "7.6"]
[White "Weng,A"]
[Black "Brendel,B"]
[Result "0-1"]
[WhiteTitle "WFM"]
[BlackTitle "WFM"]
[WhiteElo "2141"]
[BlackElo "2119"]
[WhiteTeam "SV Stuttgart Wolfbusch"]
[BlackTeam "Karlsruher SF 1853"]
[WhiteFideId "4623991"]
[BlackFideId "4608763"]
[EventDate "2011.10.29"]
[EventType "team"]

1. e4 e5 2. Nf3 Nc6 3. Bc4 Bc5 4. d3 Nf6 5. Be3 Bxe3 6. fxe3 d6 7. Nc3 Na5 8.
Bb3 Bg4 9. h3 Bxf3 10. Qxf3 Nxb3 11. axb3 c6 12. O-O O-O 13. Ne2 Nd7 14. Ng3 g6
15. Qg4 Kh8 16. Rf2 Qe7 17. Raf1 Rae8 18. h4 f6 19. h5 Rg8 20. Qh4 d5 21. hxg6
Rxg6 22. Nf5 Qf8 23. Rf3 Qg8 24. R1f2 Rg4 25. Qh5 Qg6 26. Qh2 dxe4 27. Rh3 exd3
28. cxd3 Nc5 29. Rh6 Qg8 30. Rxf6 Nxd3 31. Nh6 Qg7 32. Nxg4 Nxf2 33. Rxf2 Qxg4
34. Rf7 Qd1+ 35. Kf2 Qc2+ 36. Kg1 Qb1+ 37. Kf2 Qxb2+ 38. Kg1 Qc1+ 39. Kf2 Qd2+
40. Kf1 Qd3+ 41. Kf2 Qg6 0-1

[Event "Frauenbundesliga 2011-12"]
[Site "Germany GER"]
[Date "2012.01.22"]
[Round "7.1"]
[White "Zatonskih,A"]
[Black "Savina,A"]
[Result "1/2-1/2"]
[WhiteTitle "IM"]
[BlackTitle "IM"]
[WhiteElo "2508"]
[BlackElo "2336"]
[WhiteTeam "OSG Baden Baden"]
[BlackTeam "Bad Koenigshofen"]
[WhiteFideId "14101572"]
[BlackFideId "4196872"]
[EventDate "2011.10.29"]
[EventType "team"]

1. d4 Nf6 2. c4 g6 3. Nf3 Bg7 4. g3 O-O 5. Bg2 d6 6. O-O Nc6 7. Nc3 a6 8. Qd3 b5
9. cxb5 Nb4 10. Qd1 axb5 11. a3 c6 12. e4 Na6 13. e5 Ne8 14. exd6 exd6 15. Bg5
Qd7 16. Re1 Nf6 17. Nd2 Nc7 18. Nde4 Nxe4 19. Nxe4 Nd5 20. Qd2 Ra4 21. Be3 Nxe3
22. fxe3 Bb7 23. Rad1 Re8 24. Nc3 Raa8 25. e4 Qc7 26. Kh1 Qb6 27. Rf1 b4 28.
axb4 Qxb4 29. Qf2 Re7 30. Rd2 Rae8 31. Ra1 c5 32. Ra4 Qb3 33. Ra3 Qb4 34. Ra4
Qb3 35. Ra3 Qb4 36. Ra4 1/2-1/2

[Event "Frauenbundesliga 2011-12"]
[Site "Germany GER"]
[Date "2012.01.22"]
[Round "7.2"]
[White "Paikidze,N"]
[Black "Kachiani-Gersinska,K"]
[Result "0-1"]
[WhiteTitle "WGM"]
[BlackTitle "IM"]
[WhiteElo "2412"]
[BlackElo "2319"]
[WhiteTeam "Bad Koenigshofen"]
[BlackTeam "OSG Baden Baden"]
[WhiteFideId "13603620"]
[BlackFideId "4623614"]
[EventDate "2011.10.29"]
[EventType "team"]

1. d4 Nf6 2. c4 c5 3. d5 e5 4. Nc3 d6 5. e4 Be7 6. Bd3 Nbd7 7. Nge2 Nf8 8. a3
Ng6 9. b4 b6 10. O-O Nh5 11. g3 Bh3 12. Re1 Bg5 13. Nb5 h6 14. Nec3 Nhf4 15.
Bxf4 Bxf4 16. Qh5 Bc8 17. bxc5 bxc5 18. Nxd6+ Qxd6 19. Nb5 Qb8 20. d6 O-O 21.
Nc7 Bd2 22. Re2 Ba5 23. Nxa8 Qxa8 24. f4 Qc6 25. f5 Qxd6 26. Rd1 Ne7 27. Bc2 Qf6
28. Ba4 Bc3 29. Qf3 Bd4+ 30. Kg2 Bb7 31. Rb1 Ba8 32. g4 Nc8 33. Rb8 Nd6 34. Qb3
Qe7 35. Kf3 Kh7 36. Rxf8 Qxf8 0-1

[Event "Frauenbundesliga 2011-12"]
[Site "Germany GER"]
[Date "2012.01.22"]
[Round "7.3"]
[White "Arakhamia-Grant,K"]
[Black "Girya,O"]
[Result "1-0"]
[WhiteTitle "GM"]
[BlackTitle "WGM"]
[WhiteElo "2456"]
[BlackElo "2390"]
[WhiteTeam "OSG Baden Baden"]
[BlackTeam "Bad Koenigshofen"]
[WhiteFideId "13600168"]
[BlackFideId "4195752"]
[EventDate "2011.10.29"]
[EventType "team"]

1. e4 c5 2. Nf3 Nc6 3. d4 cxd4 4. Nxd4 Qc7 5. Nc3 e6 6. Be3 Nf6 7. Qd2 a6 8.
O-O-O Be7 9. f3 O-O 10. g4 b5 11. g5 Ne8 12. h4 Ne5 13. h5 Bb7 14. Kb1 Rc8 15.
Bf4 Bd6 16. Ncxb5 axb5 17. Nxb5 Nxf3 18. Qg2 Qa5 19. Qxf3 Bxf4 20. Qxf4 Rc5 21.
c4 d5 22. exd5 exd5 23. Qd4 Rc8 24. cxd5 Rd8 25. Bc4 Ba6 26. Nc3 Bxc4 27. Qxc4
Nd6 28. Qd4 Rb8 29. h6 Nf5 30. Qd2 Rb4 31. Rh2 Rfb8 32. Qd3 Rd4 33. Qxf5 Qxc3
34. Rc1 Qd3+ 35. Qxd3 Rxd3 36. Rc5 gxh6 37. gxh6 Rd8 38. Rh5 f6 39. Kc2 Rg3 40.
Rc7 Rg2+ 41. Kc3 Rg3+ 42. Kc4 Rg2 43. Rg7+ Rxg7 44. hxg7 Rc8+ 45. Kd4 Rc2 46. d6
Rd2+ 47. Kc5 Rc2+ 48. Kd5 Rxb2 49. d7 Kxg7 50. Kc6 1-0

[Event "Frauenbundesliga 2011-12"]
[Site "Germany GER"]
[Date "2012.01.22"]
[Round "7.5"]
[White "Sedina,E"]
[Black "Schoene,Mar"]
[Result "1-0"]
[WhiteTitle "IM"]
[BlackTitle "WIM"]
[WhiteElo "2337"]
[BlackElo "2186"]
[WhiteTeam "OSG Baden Baden"]
[BlackTeam "Bad Koenigshofen"]
[WhiteFideId "812153"]
[BlackFideId "4681410"]
[EventDate "2011.10.29"]
[EventType "team"]

1. e4 c5 2. Nf3 d6 3. d4 cxd4 4. Qxd4 a6 5. Be2 Nc6 6. Qe3 g6 7. O-O Bg7 8. c4
Nf6 9. h3 O-O 10. Rd1 Nd7 11. Nc3 b6 12. Rb1 a5 13. b3 Bb7 14. Bb2 Nc5 15. Nd5
Nb4 16. Bxg7 Kxg7 17. a3 Nxd5 18. exd5 a4 19. b4 Nb3 20. h4 h5 21. Bd3 b5 22.
Nd4 Nxd4 23. Qxd4+ Kg8 24. cxb5 Rc8 25. b6 Qd7 26. Rbc1 e5 27. dxe6 Qxe6 28. Bc4
Qe7 29. Bb5 Rxc1 30. Rxc1 Ra8 31. Rc7 Qe1+ 32. Kh2 Rb8 33. Bc4 d5 34. Qf4 Qe6
35. Rxf7 Rc8 36. Rf6 Rxc4 37. Qg5 Qe4 38. Rxg6+ Kf7 39. Qf6+ Ke8 40. Rg8+ Kd7
41. Rd8# 1-0

[Event "Frauenbundesliga 2011-12"]
[Site "Germany GER"]
[Date "2012.01.22"]
[Round "7.6"]
[White "Gromova,I"]
[Black "Tammert,I"]
[Result "1-0"]
[WhiteTitle "WIM"]
[BlackTitle "WFM"]
[WhiteElo "2231"]
[BlackElo "2290"]
[WhiteTeam "Bad Koenigshofen"]
[BlackTeam "OSG Baden Baden"]
[WhiteFideId "4152832"]
[BlackFideId "13601040"]
[EventDate "2011.10.29"]
[EventType "team"]

1. d4 Nf6 2. c4 d6 3. Nc3 Nbd7 4. e4 e5 5. Nf3 Be7 6. Be2 c6 7. O-O O-O 8. h3
Qc7 9. Be3 Re8 10. Qc2 Nf8 11. c5 exd4 12. cxd6 Bxd6 13. Bxd4 N6d7 14. Rfe1 Ne6
15. Be3 Bf4 16. Bf1 Ne5 17. Nxe5 Qxe5 18. Rad1 Bxe3 19. Rxe3 Nf4 20. Na4 Ne6 21.
g3 Nf8 22. Nc5 Qh5 23. Nd3 Ne6 24. Nf4 Qh6 25. Rd6 Qg5 26. Ne2 Qe7 27. e5 Rd8
28. Qd1 Re8 29. Nc3 Nf8 30. Ne4 Qc7 31. Nc5 Be6 32. Nxe6 Rxe6 33. Bc4 Re7 34.
Kg2 Rae8 35. f4 Qb6 36. Re2 Qc5 37. Rc2 Qe3 38. Re2 Qc5 39. Qc2 Qb6 40. Qd3 Kh8
41. Rd2 Kg8 42. h4 Qc7 43. h5 Qc8 44. Bb3 Qg4 45. Bc2 Qc8 46. h6 Re6 47. hxg7
Kxg7 48. Bb3 R6e7 49. Qf3 Kh8 50. Qh5 Ng6 51. Bxf7 Rxf7 52. Rxg6 Qc7 53. e6 Rfe7
54. f5 Qe5 55. Rg5 Rf8 56. Re2 Qd5+ 57. Qf3 Qd4 58. Qc3 Qxc3 59. bxc3 h6 60. Rh5
Kg7 61. Rd2 b5 62. g4 a5 63. Rh3 b4 64. c4 c5 65. Rd5 Rc8 66. Kf3 a4 67. Ke4 Rb7
68. Ke5 Rcc7 69. f6+ Kg6 70. Rd8 b3 71. axb3 axb3 72. Rh1 b2 73. e7 Rxe7+ 74.
fxe7 Rxe7+ 75. Kd5 Re2 76. Kxc5 Rc2 77. Rb1 Kg5 78. Rb8 1-0

[Event "Frauenbundesliga 2011-12"]
[Site "Germany GER"]
[Date "2012.01.22"]
[Round "7.1"]
[White "Burchardt,B"]
[Black "Bodnaruk,A"]
[Result "0-1"]
[WhiteTitle "WIM"]
[BlackTitle "IM"]
[WhiteElo "2224"]
[BlackElo "2417"]
[WhiteTeam "Rotation Pankow"]
[BlackTeam "Rodewischer Schachmiezen"]
[WhiteFideId "4612213"]
[BlackFideId "4181751"]
[EventDate "2011.10.29"]
[EventType "team"]

1. e4 c5 2. Nc3 d6 3. g3 g6 4. Bg2 Bg7 5. d3 Nc6 6. Be3 Rb8 7. Qd2 b5 8. f4 b4
9. Nd1 e6 10. Ne2 Nge7 11. O-O O-O 12. g4 f5 13. gxf5 exf5 14. c3 bxc3 15. bxc3
fxe4 16. dxe4 Ba6 17. Re1 Na5 18. e5 Nc4 19. Bd5+ Nxd5 20. Qxd5+ Kh8 21. exd6
Rf5 22. Qc6 Rb6 23. Qa4 Qxd6 24. Bf2 Nd2 25. Ne3 Nf3+ 26. Kf1 Rxf4 27. c4 Rf8 0-1

[Event "Frauenbundesliga 2011-12"]
[Site "Germany GER"]
[Date "2012.01.22"]
[Round "7.2"]
[White "Pokorna,Reg"]
[Black "Goehler,A"]
[Result "1/2-1/2"]
[WhiteTitle "WGM"]
[BlackTitle "WIM"]
[WhiteElo "2359"]
[BlackElo "2134"]
[WhiteTeam "Rodewischer Schachmiezen"]
[BlackTeam "Rotation Pankow"]
[WhiteFideId "14902052"]
[BlackFideId "4612469"]
[EventDate "2011.10.29"]
[EventType "team"]

1. e4 c5 2. Nc3 d6 3. g3 Nf6 4. Bg2 Nc6 5. d3 e6 6. Be3 Be7 7. Nge2 a6 8. h3 O-O
9. O-O Qc7 10. g4 b5 11. Ng3 Bb7 12. Nce2 d5 13. g5 Nd7 14. exd5 exd5 15. Nf5
Qe5 16. Neg3 Rfe8 17. Qd2 Qxb2 18. Bxd5 Bf8 19. Bg2 Rad8 20. a3 Ba8 21. Rfb1 Qe5
22. c3 Na5 23. Bf4 Qe6 24. Re1 Qb6 25. Rxe8 Rxe8 26. Re1 Rd8 27. Ne7+ Bxe7 28.
Rxe7 Bxg2 29. Kxg2 Nc6 30. Re4 Nf8 31. Nf5 Ne6 32. Qe3 Qb7 33. Bg3 Ne7 34. Nxe7+
Qxe7 35. d4 cxd4 36. cxd4 Qd7 37. Be5 Qd5 38. Kh2 Rc8 39. Rh4 a5 40. Qe4 Qxe4
41. Rxe4 Nxg5 42. Re3 f6 43. Bf4 b4 44. axb4 axb4 45. Bxg5 fxg5 46. d5 Kf7 47.
d6 Rd8 48. Re7+ Kf6 49. Rb7 Rxd6 50. Rxb4 h5 51. Kg2 Rd5 52. Ra4 Kf5 53. Rb4 Re5
54. Kf3 Rc5 55. Ra4 g4+ 56. hxg4+ hxg4+ 57. Kg2 Kg5 58. Ra7 g6 1/2-1/2

[Event "Frauenbundesliga 2011-12"]
[Site "Germany GER"]
[Date "2012.01.22"]
[Round "7.3"]
[White "Mai,I"]
[Black "Korenova,M"]
[Result "0-1"]
[WhiteTitle "WIM"]
[BlackTitle "WIM"]
[WhiteElo "2115"]
[BlackElo "2220"]
[WhiteTeam "Rotation Pankow"]
[BlackTeam "Rodewischer Schachmiezen"]
[WhiteFideId "4627393"]
[BlackFideId "302805"]
[EventDate "2011.10.29"]
[EventType "team"]

1. d4 f5 2. c4 Nf6 3. Nf3 g6 4. g3 Bg7 5. Bg2 d6 6. O-O O-O 7. Nc3 Nc6 8. d5 Na5
9. Nd2 c5 10. a3 b6 11. Ra2 a6 12. b4 Nb7 13. Bb2 Bd7 14. Qb3 b5 15. Re1 Ng4 16.
Nd1 Ne5 17. cxb5 axb5 18. Nf3 Nc4 19. Bxg7 Kxg7 20. Ng5 cxb4 21. axb4 Rxa2 22.
Qxa2 Qa8 23. Qb1 Qa3 24. Ne6+ Bxe6 25. dxe6 Nd8 26. Bd5 Nb6 27. e4 f4 28. Re2
Qf3 29. Qb2+ Kg8 30. Rd2 Nc4 31. Bxc4 bxc4 32. e5 Nxe6 33. exd6 Ng5 34. d7 Nh3+
35. Kf1 Qh1+ 36. Ke2 Ng1+ 37. Kf1 f3 0-1

[Event "Frauenbundesliga 2011-12"]
[Site "Germany GER"]
[Date "2012.01.22"]
[Round "7.4"]
[White "Winkelmann,E"]
[Black "Wagner Michel,A"]
[Result "1-0"]
[BlackTitle "WIM"]
[WhiteElo "2104"]
[BlackElo "2169"]
[WhiteTeam "Rodewischer Schachmiezen"]
[BlackTeam "Rotation Pankow"]
[WhiteFideId "24607630"]
[BlackFideId "4612205"]
[EventDate "2011.10.29"]
[EventType "team"]

1. d4 d5 2. c4 e6 3. Nc3 Nf6 4. Bg5 Be7 5. cxd5 exd5 6. e3 O-O 7. Bd3 b6 8. Bxf6
Bxf6 9. Qh5 g6 10. Qxd5 c6 11. Qxd8 Rxd8 12. Nge2 Bb7 13. Be4 Nd7 14. O-O Rac8
15. Rfd1 Ba6 16. Nf4 Kg7 17. Rac1 c5 18. Nfd5 cxd4 19. exd4 Bc4 20. Nxf6 Nxf6
21. f3 Ne8 22. b3 Ba6 23. Kf2 f5 24. Bd3 Bb7 25. Bc4 a6 26. a4 Rc7 27. Re1 Nf6
28. Re6 Rxd4 29. Rxb6 Nd7 30. Re6 Nc5 31. Re3 f4 32. Ree1 Rxc4 33. bxc4 Nd3+ 34.
Ke2 Nxe1 35. Rxe1 Rxc4 36. Kd3 Rc7 37. Ne4 a5 38. Kd4 Rc2 39. Nc5 Bc8 40. Re7+
Kh6 41. g4 fxg3 42. hxg3 Rf2 43. Rc7 Bf5 44. g4 Bb1 45. Rb7 Rf1 46. Ke3 Re1+ 47.
Kf4 g5+ 48. Kg3 Bg6 49. Ra7 Rg1+ 50. Kf2 Rc1 51. Rxa5 Rc4 52. Ne6 Be8 53. Nxg5
Rxa4 54. Rxa4 Bxa4 55. Nh3 Bd7 56. Kg3 Kg6 57. Kh4 h6 58. f4 Bc8 59. Nf2 Kf6 60.
Ne4+ Kg6 61. Nd6 Bd7 62. Nc4 Bb5 63. Ne5+ Kf6 64. Kh5 Be2 65. Nc6 Bd1 66. Nd4
Kf7 67. Nf5 Bc2 68. Nxh6+ Kg7 69. Kg5 Bb3 70. f5 Bd1 71. f6+ Kf8 72. Kg6 Be2 73.
f7 Bd3+ 74. Kf6 Bc4 75. g5 Bd5 76. g6 Bxf7 77. g7+ Ke8 78. Nxf7 1-0

[Event "Frauenbundesliga 2011-12"]
[Site "Germany GER"]
[Date "2012.01.22"]
[Round "7.5"]
[White "Heyme,S"]
[Black "Schulz,A1"]
[Result "1-0"]
[WhiteElo "2110"]
[BlackElo "1819"]
[WhiteTeam "Rotation Pankow"]
[BlackTeam "SV Chemie Guben"]
[WhiteFideId "4624084"]
[BlackFideId "4676122"]
[EventDate "2011.10.29"]
[EventType "team"]

1. e4 c5 2. Nf3 d6 3. d4 cxd4 4. Nxd4 Nf6 5. Nc3 a6 6. Be3 e5 7. Nde2 Be7 8. f3
Be6 9. g4 Nfd7 10. Bg2 O-O 11. O-O Nb6 12. Bf2 Bg5 13. Qe1 Nc4 14. h4 Bd2 15.
Qd1 Be3 16. b3 Bxf2+ 17. Rxf2 Nb6 18. Qd2 Nc6 19. Rd1 Qxh4 20. Qxd6 Rac8 21. Qc5
Nd7 22. Qe3 Qe7 23. Nd5 Qa3 24. Nc1 Rfd8 25. c3 Nf8 26. Rfd2 Kh8 27. Bf1 b5 28.
Ne2 Ng6 29. Ng3 Qf8 30. Nf5 f6 31. Qb6 Bg8 32. Kh1 Nb8 33. c4 Rc6 34. Qe3 bxc4
35. Bxc4 Qc5 36. Qxc5 Rxc5 37. Nde7 Rxd2 38. Rxd2 Nxe7 39. Nxe7 Nc6 40. Nxc6
Bxc4 41. Rd8+ Bg8 42. Ne7 1-0

[Event "Frauenbundesliga 2011-12"]
[Site "Germany GER"]
[Date "2012.01.22"]
[Round "7.6"]
[White "Steinbacher,C"]
[Black "Jeske,K"]
[Result "1/2-1/2"]
[WhiteTitle "WIM"]
[WhiteElo "2106"]
[BlackElo "2046"]
[WhiteTeam "Rodewischer Schachmiezen"]
[BlackTeam "Rotation Pankow"]
[WhiteFideId "4627679"]
[BlackFideId "4612728"]
[EventDate "2011.10.29"]
[EventType "team"]

1. d4 Nf6 2. c4 g6 3. Nc3 Bg7 4. e4 d6 5. f3 O-O 6. Be3 e5 7. d5 Ne8 8. Bd3 f5
9. exf5 Bxf5 10. Nge2 Nd7 11. Ng3 Bxd3 12. Qxd3 Qh4 13. Qe4 Qe7 14. O-O Bf6 15.
Qg4 Kh8 16. Nge4 Bg7 17. Rae1 Ndf6 18. Qh3 Nh5 19. Ng5 Bh6 20. Nce4 Nef6 21. Ne6
Bxe3+ 22. Rxe3 Nxe4 23. Rxe4 Nf4 24. Nxf4 Rxf4 25. Rfe1 Rxe4 1/2-1/2

[Event "Frauenbundesliga 2011-12"]
[Site "Germany GER"]
[Date "2012.01.22"]
[Round "7.1"]
[White "Majdan,J"]
[Black "Kononenko,T"]
[Result "1/2-1/2"]
[WhiteTitle "WGM"]
[BlackTitle "IM"]
[WhiteElo "2386"]
[BlackElo "2375"]
[WhiteTeam "SV Chemie Guben"]
[BlackTeam "USV Volksbank Halle"]
[WhiteFideId "1121979"]
[BlackFideId "14102358"]
[EventDate "2011.10.29"]
[EventType "team"]

1. e4 e6 2. d4 d5 3. Nd2 c5 4. Ngf3 Nf6 5. exd5 exd5 6. dxc5 Bxc5 7. Bb5+ Bd7 8.
Bxd7+ Qxd7 9. Qe2+ Be7 10. O-O O-O 11. Nb3 Nc6 12. Bg5 Rfe8 13. Rad1 Rad8 14. c3
h6 15. Be3 Bd6 16. Qc2 Ng4 17. Bc1 Nce5 18. Nbd4 Nxf3+ 19. Nxf3 Bc5 20. h3 Nf6
21. Bf4 Re4 22. Be5 Qe7 23. Bxf6 gxf6 24. Rfe1 f5 25. Kf1 Qe6 26. Qd3 Qb6 27.
Re2 Kg7 28. b4 Be7 29. Nd4 Qg6 30. f3 Rxe2 31. Qxe2 Bf6 32. f4 Bxd4 33. Rxd4 Qe6
34. Qd2 b5 35. Rd3 Qe4 36. Kf2 Rd6 37. Rd4 Qe6 38. Qd3 a6 39. Qd1 Rd7 40. Qe2
Re7 41. Qd2 Rd7 42. Qe2 1/2-1/2